000 00610nam a2200193 4500
001 112103
003 ES-MaACL
005 20230906185437.0
007 t|
008 061121s1962 sp r ||||1| spa d
080 _a001.32(460.413 P.)
100 1 _aNavarro Navarro, Domingo.
_985154
245 1 0 _aGabinete Literario:
_b¡cómo te recuerdo! /
_cDomingo Navarro Navarro.
260 _aMadrid :
_b[s.n.],
_c1962 (
_fGráf. Montesa)
300 _a203 p. :
_bil ;
_c25 cm.
610 2 4 _aGabinete Literario de Las Palmas de Gran Canaria.
_9158649
852 4 _aES-MaACL
_jC-23453
852 4 _aES-MaACL
_jC-25245
999 _c112103
_d112103